00662 2200229 4500001002100000005001700021008004100038020001800079035002400097090002500121100002500146245006400171250001800235260003300253300002800286500003100314650003500345850001200380980001300392985000600405999002100411YOGYA-0209000004581520090227030950.0 ind  a979-756-011-7 0010-020900000045815 a338.4791bAri PlDEP aARIEF, Abdul Rakhman aPengantar ilmu perhotelan dan restorancAbdul Rachman Arief aEd. 1, cet. 1 aYogyakartabGraha Ilmuc2005 ax, 140 hlmbilusc23 cm aBibliografi : hlm. 137-139 aHotel, losmen dsb. - Inddustri aYOPDYOG a23-03-07 a1 a2005-824hCB-D.11